Normal view
MARC view
Entry Topical Term
001 - CONTROL NUMBER
- control field: 28484
003 - CONTROL NUMBER IDENTIFIER
- control field: OSt
005 - DATE AND TIME OF LATEST TRANSACTION
- control field: 20211029163600.0
008 - FIXED-LENGTH DATA ELEMENTS
- fixed length control field: 211029|| aca||aabn | a|a d
040 ## - CATALOGING SOURCE
- Original cataloging agency: OSt
- Transcribing agency: OSt
150 ## - HEADING--TOPICAL TERM
- Topical term or geographic name entry element: Regionalism, Regional governance, Rural local governments, Collective choice arrangements
670 ## - SOURCE DATA FOUND
- Source citation: Work cat.: (OSt): Rickabaugh, Jay 28483, Regionalism with and without metropolitanism: Governance structures of rural and non-rural regional intergovernmental organizations
